000
00228nam a2200097Ia 4500
001
725583
005
20250826163412.0
008
250824s9999 xx 000 0 und d
245
0
_a
CİK
_c
JOKE VAN LEEUWEN
260
_b
HAYY YAYINLARI
999
_c
725583
_d
725583